000 00600nam a2200205Ia 4500
001 9863
003 GE_BSU
008 181216s||||||||xx |||||||||||||| ||und||
040 _cGE_BSU
080 _a821.353.1-1
100 _aნონეშვილი,იოსებ
245 _aლექსები
245 _cპ/მგ.რედ:ი.ხოშტარია
260 _aთბილისი
260 _bსახელგამი;მხატ.ლიტ.სექტორი.
260 _c1940
300 _a42გვ;16სმ.
653 _aლექსები
942 _cBK
999 _c43142
_d43142